Statistiques concernant Quiz sur 1982

Cliquez ici pour prendre le quiz!

Statistiques générales

  • Ce quiz a été pris 56 fois
  • Le résultat moyen est 8 sur 20

Statistiques - réponses

HintRéponse% Correct
Célèbre album de Michael Jackson, encore reconnu de nos jour comme le plus vendu de tous les tempsThriller
86%
Archipel d'Amérique du Sud à l'origine d'une querelle entre Britanniques et ArgentinsMalouines|Falkland
80%
Célèbre actrice hollywoodienne, ensuite devenue princesse, décédée en 1982Grace Kelly
73%
Célèbre actrice franco-allemande de La Piscine, disparue en 1982Romy Schneider
65%
Célèbre basketteur des Spurs, né en 1982Tony Parker
57%
Célèbre rappeur français, auteur de titres comme Paradis, L'Odeur de l'Essence ou Basique, né en 1982Aurélien "Orelsan" Cotentin
51%
Ville d'Allemagne de l'Ouest dans laquelle se tient le sommet de l'OTANBonn
51%
Joueuse de tennis belge, 4 fois vainqueure de Roland-Garros, deux fois à Wimbledon, 1 fois à l'US Open et à l'Open d'AustralieJustine Henin
51%
Chef syndical polonais remis en libertéLech Walesa
51%
Région du monde rétrocédée à l'Egypte en 1982Sinaï
45%
Célèbre footballeur brésilien de l'AC Milan et du Real Madrid, plus jeune vainqueur de la coupe du monde 2002Ricardo "Kaka" dos Santos Leite
41%
Homme qui succède à Léonid Brejnev à la tête de l'URSSIouri Andropov
31%
Ville dans laquelle l'ambassade de France est prise pour cible lors d'une attaque à la voiture piégée, et qui tue Louis DelamareBeyrouth
29%
Homme politique français, délégué du pays à Bretton-Woods et ayant occupé diverses fonctions sous Coty comme Ministre des Affaires Etrangères et de la FinancePierre Mendès-France
24%
Célèbre cycliste espagnol, surnommé El PisteleroAlberto Contador
22%
Grande île qui se retire de la CEE en 1982Groenland
22%
Grand demi d'ouverture français, qui termine sa carrière au LOU après le RCT et le Stade ToulousainFrédérick Michalak
16%
Pays dont l'ambassade de Quito a été visée par un attentat cette année-làIsraël
14%
Pays d'Asie du Sud-Est bouleversé par un coup d'état le 24 marsBengladesh
6%
Groupe terroriste à l'origine des attentats de Hyde Park et de Regent's ParkIRA Provisoire
2%

Distribution des résultats

Percentile par nombre de réponses

% des personnes avec chaque résultat

Votre développement - résultats

Vous n’avez pas pris ce quiz